| 000 | 00385nam a2200133Ia 4500 | ||
|---|---|---|---|
| 008 | 230907s9999||||xx |||||||||||||| ||und|| | ||
| 082 |
_a659.2 _bHAY |
||
| 100 |
_aHayes, Darrell C. _9115667 |
||
| 245 | 0 | _aPublic relations cases / | |
| 260 |
_aWadsworth/Cengage Learning, _bBoston, MA : _c2013 |
||
| 300 | _axxi, 425 p. : | ||
| 650 |
_aCase studies. Case studies. _9115668 |
||
| 942 | _cBK | ||
| 999 |
_c599098 _d599098 |
||